• 首页
  • 本馆介绍
  • 公告通知
  • 最新文献
  • 馆藏检索
  • 电子资源
  • 读者导购
  • 参考咨询
  • 我的图书馆
  • 登录
  • 详细信息显示
  • 放入我的书架
  • 预约/预借图书
  • 作者相关作品
  • 分类相关作品
  • 丛书相关作品
  • 出版社相关作品

书目信息

  • 表格格式
  • 工作单格式
  • 卡片格式
书名: Signs of life in the U.S.A
作者: [edited by] Sonia Maasik, Jack Solomon.
分册号:
分册名:
出版地: Boston :
 
出版社: Bedford/St. Martin's
出版时间: c2003.
页数: xxiv, 819 p. :
开本: 23 cm.
丛书名:
中图分类号:
科图分类号:
其他分类号: G249.712
主题词:
电子资源:
000 01104cam a2200337 a 45
001 E0736879073
003 CAL
005 20070707101519.17
008 030116s2003 maua 001 0 eng d
020    @a0312397844.
040    @aCSG@cCSG@dDUTL
090    @aG249.712
093    @aG249.712@24
094    @a37.904@23
099    @dG249.712@ex56=4
245 00 @aSigns of life in the U.S.A. :@breadings on popular culture for writers / @c[edited by] Sonia Maasik, Jack Solomon.
250    @a4th ed.
260    @aBoston :@bBedford/St. Martin's,@cc2003.
300    @axxiv, 819 p. :@bcol. ill. ;@c23 cm.
500    @aIncludes editors' notes to accompany fourth edition, 103 p.
500    @aIncludes index.
650  0 @aReport writing@vProblems, exercises, etc.
650  0 @aReaders@xPopular culture.
650  0 @aEnglish language@xRhetoric@vProblems, exercises, etc.
650  0 @aCollege readers.
650  0 @aPopular culture@zUnited States.
700 1  @aSolomon, J. Fisher@q(James Fisher),@d1954-
700 1  @aMaasik, Sonia.
920    @a221020@z2
920    @a211410@z2
998    @aDUTL
    
    Signs of life in the U.S.A. : : readings on popular culture for writers / / [edited by] Sonia Maasik, Jack Solomon.-4th ed.-Boston : : Bedford/St. Martin's, , c2003.
    xxiv, 819 p. : : col. ill. ; ; 23 cm.
    Includes editors' notes to accompany fourth edition, 103 p.-Includes index.
    
    ISBN 0312397844.
    
●
相关链接 在E读中查询图书 在五车中查询图书 在当当中查询图书 在豆瓣中查询图书


正题名:Signs of life in the U.S.A     索取号:G249.712/x56=4         预约/预借

序号 登录号 条形码 馆藏地/架位号 状态 备注
1 0010963   300109638   第二样本阅览室/ [索取号:G249.712/x56=4] 在馆    
2 0010964   300109647   第四借阅区/ [索取号:G249.712/x56=4] 在馆    
唐山师范学院图书馆 欢迎您!
大连网信软件有限公司© 版权所有